000 00823nam a2200217 i 4500
001 64933
003 ES-MaACL
005 20250815062637.0
007 t|
008 040107q19001930sp ||||1| spa d
100 1 _aFournier, Edouard.
_951978
245 1 3 _aEl ingenio en la historia
_b: investigaciones y curiosidades acerca de las frases históricas /
_cpor Eduardo Fournier ; traducido por M.R. Blanco-Belmonte.
260 _aMadrid :
_bLa España Moderna,
_c[19--?]
300 _a139 p. ;
_c23 cm.
490 1 _aBiblioteca de jurisprudencia, filosofía e historia ;
_v333
650 4 _aHistoria universal-
_vCitas.
_9137952
700 1 _aBlanco-Belmonte, Marcos Rafael.
_929226
830 0 0 _aBiblioteca de jurisprudencia, filosofía e historia
_v333
_9180691
852 _aES-MaACL
_jF-14771
999 _c64933
_d64933